Evropský trh s motorovým pojištěním
Objem motorového poistenia na trhu. Poistenie zodpovednosti za škodu spôsobenú prevádzkou vozidla a jeho priemerná cena. Havarijné poistenie. Analýza nákladov motorového poistenia. Celkový technický výsledok poistenia. Nákladnosť poistných udalostí.
Salvato in:
| Autore principale: | |
|---|---|
| Natura: | Capitolo di libro |
| Lingua: | ceco |
| Soggetti: | |
| Tags: |
Nessun Tag, puoi essere il primo ad aggiungerne!!
|
MARC
| LEADER | 00000naa$a2200000$$$4500 | ||
|---|---|---|---|
| 001 | 0073974 | ||
| 005 | 20230927103636.1 | ||
| 041 | 0 | |a cze | |
| 044 | |a CZ | ||
| 245 | 1 | 0 | |a Evropský trh s motorovým pojištěním |c Ondřej Karel |
| 520 | |a Objem motorového poistenia na trhu. Poistenie zodpovednosti za škodu spôsobenú prevádzkou vozidla a jeho priemerná cena. Havarijné poistenie. Analýza nákladov motorového poistenia. Celkový technický výsledok poistenia. Nákladnosť poistných udalostí. | ||
| 610 | 2 | 0 | |a poisťovne |
| 610 | 2 | 0 | |a poistenie havarijné |
| 610 | 2 | 0 | |a poistenie neživotné |
| 610 | 2 | 0 | |a udalosti poistné |
| 610 | 2 | 0 | |a náklady |
| 100 | 1 | |a Karel, Ondřej | |